GHALIB 1797-1869 LIFE AND LETTERS (Record no. 581841)
[ view plain ]
| 000 -LEADER | |
|---|---|
| fixed length control field | 00255nam a22001097a 4500 |
| 082 ## - DEWEY DECIMAL CLASSIFICATION NUMBER | |
| Classification number | 928 GHA'R |
| 100 ## - MAIN ENTRY--PERSONAL NAME | |
| Personal name | RUSSELL, RALPH |
| 9 (RLIN) | 76442 |
| 245 ## - TITLE STATEMENT | |
| Title | GHALIB 1797-1869 LIFE AND LETTERS |
| 260 ## - PUBLICATION, DISTRIBUTION, ETC. | |
| Place of publication, distribution, etc. | LONDON |
| Name of publisher, distributor, etc. | GEORGE ALLEN |
| Date of publication, distribution, etc. | 1969 |
| 300 ## - PHYSICAL DESCRIPTION | |
| Extent | VOL-1 |
| 942 ## - ADDED ENTRY ELEMENTS (KOHA) | |
| Koha item type | Book |
| Withdrawn status | Lost status | Damaged status | Not for loan | Permanent Location | Current Location | Shelving location | Date acquired | Total Checkouts | Full call number | Barcode | Date last seen | Price effective from | Koha item type |
|---|---|---|---|---|---|---|---|---|---|---|---|---|---|
| College of Electrical & Mechanical Engineering (CEME) | College of Electrical & Mechanical Engineering (CEME) | General Stacks | 05/30/2017 | 928 GHA'R | CEME-10924 | 06/28/2021 | 06/28/2021 | Book |
